000 00320 a2200145 4500
001 169603
020 _a
040 _cMagnum
100 _aMailhiot, Gerald Bernard
240 1 0 _aDinamica e genese dos grupos
_lpor
245 1 0 _aDinamica e genese dos grupos
362 0 _a1899
697 _aPSICOLOGIA
942 _cBK
999 _c169603
_d169603